Welcome to the Holygrace Academy Library

Please use search bar below to get started

THE STORIES OF SHAKESPEARE'S PLAY (Record no. 3484)

MARC details
000 -LEADER
fixed length control field 00292nam a22001337a 4500
020 ## - INTERNATIONAL STANDARD BOOK NUMBER
ISBN 0195603672
082 ## - DEWEY DECIMAL CLASSIFICATION NUMBER
Classification number 823
Item number SHA/T
100 ## - MAIN ENTRY--AUTHOR NAME
Personal name SHAKESPEARE
245 ## - TITLE STATEMENT
Title THE STORIES OF SHAKESPEARE'S PLAY
Remainder of title VOLUME II
260 ## - PUBLICATION, DISTRIBUTION, ETC. (IMPRINT)
Name of publisher OXFORD
300 ## - PHYSICAL DESCRIPTION
Number of Pages 73
650 ## - SUBJECT ADDED ENTRY--TOPICAL TERM
Topical Term STORIES
Geographic subdivision NEW DELHI
942 ## - ADDED ENTRY ELEMENTS (KOHA)
Koha item type Books
Holdings
Withdrawn status Lost status Collection code Home library Current library Shelving location Date acquired Source of acquisition Full call number Accession Number Koha item type
    Fiction Main Library Main Library SHELF 16-A- ENGLISH LITERATURE COLLECTION OF WORKS 10/12/2012 PURCHASE 823 SHA/T 04795 Books